[Event "GER-ch U25-B"]
[Site "Willingen"]
[Date "2016.05.16"]
[Round "3"]
[White "Schiewe, Nadine"]
[Black "Leimbach, Tim Vincent"]
[Result "1/2-1/2"]
[WhiteElo "1272"]
[BlackElo "1424"]
[PlyCount "46"]
[EventDate "2016.05.15"]
[EventType "swiss"]
[EventRounds "9"]
[EventCountry "GER"]
[SourceTitle "CBM 172 Extra"]
[Source "ChessBase"]
[SourceDate "2016.06.21"]
[SourceVersion "1"]
[SourceVersionDate "2016.06.21"]
[SourceQuality "1"]

1. d4 Nf6 2. Nf3 e6 3. e3 b6 4. Bd3 c5 5. b3 Ba6 6. Bb2 Bxd3 7. Qxd3 Be7 8. 0-0 0-0 9. Nbd2 d5 10. Ne5 Qc7 11. f4 Nbd7 12. Rf3 Rfc8 13. c4 cxd4 14. exd4 Qb7 15. Rh3 g6 16. Ndf3 Nf8 17. Ng5 dxc4 18. bxc4 Nh5 19. Rf1 f6 20. Nxh7 fxe5 21. Nxf8 e4 22. Qc3 Bxf8 23. g4 Ng7 1/2-1/2

[Event "GER-ch U12"]
[Site "Magdeburg"]
[Date "2014.06.13"]
[Round "10"]
[White "Arnold, Leander"]
[Black "Leimbach, Tim Vincent"]
[Result "1/2-1/2"]
[WhiteElo "1402"]
[BlackElo "1284"]
[PlyCount "71"]
[EventDate "2014.06.08"]
[EventType "swiss"]
[EventRounds "11"]
[EventCountry "GER"]
[SourceTitle "CBM 160 Extra"]
[Source "ChessBase"]
[SourceDate "2014.07.01"]
[SourceVersion "1"]
[SourceVersionDate "2014.07.01"]
[SourceQuality "1"]

1. d4 Nf6 2. Nd2 d5 3. e3 Bf5 4. Ngf3 e6 5. c4 Nbd7 6. Be2 Be7 7. 0-0 0-0 8. Nh4 Bg4 9. Nhf3 Rb8 10. c5 c6 11. a4 b6 12. b4 bxc5 13. bxc5 Re8 14. h3 Bh5 15. Nb3 Ne4 16. Qc2 Rb7 17. Ba6 Rb8 18. Nfd2 Bg6 19. Nxe4 Bxe4 20. Qd1 Qc7 21. Bd2 Ra8 22. Bc3 Nb8 23. Bd3 Bxd3 24. Qxd3 Nd7 25. Rab1 Nf6 26. Nd2 Rab8 27. Qa6 h6 28. Qd3 Rxb1 29. Rxb1 Rb8 30. Rxb8+ Qxb8 31. Qa6 Qc7 32. Ba5 Qd7 33. Nb3 Kh7 34. Bb4 Bd8 35. Ba5 Be7 36. Bb4 1/2-1/2